The Power of a praying nation / (Record no. 10516)
[ view plain ]
| 000 -LEADER | |
|---|---|
| fixed length control field | 00786cam a22002412 4500 |
| 001 - CONTROL NUMBER | |
| control field | 0000001136 |
| 005 - DATE AND TIME OF LATEST TRANSACTION | |
| control field | 20151217154328.0 |
| 008 - FIXED-LENGTH DATA ELEMENTS--GENERAL INFORMATION | |
| fixed length control field | 070226s xx 000 0 eng d |
| 020 ## - INTERNATIONAL STANDARD BOOK NUMBER | |
| International Standard Book Number | 0736910301 : |
| Terms of availability | KES 390 |
| 040 ## - CATALOGING SOURCE | |
| Original cataloging agency | KABU |
| Transcribing agency | KABU |
| 050 #0 - LIBRARY OF CONGRESS CALL NUMBER | |
| Classification number | BV227 |
| Item number | .O43 2002 |
| 100 1# - MAIN ENTRY--PERSONAL NAME | |
| Personal name | Omartian, Stormie. |
| -- | 0000151927 |
| 245 14 - TITLE STATEMENT | |
| Title | The Power of a praying nation / |
| Statement of responsibility, etc. | Stormie Omartian. |
| 250 ## - EDITION STATEMENT | |
| Edition statement | global ed. |
| 260 ## - PUBLICATION, DISTRIBUTION, ETC. (IMPRINT) | |
| Place of publication, distribution, etc. | Eugene, Or. : |
| Name of publisher, distributor, etc. | Harvest House Publishers, |
| Date of publication, distribution, etc. | 2002. |
| 300 ## - PHYSICAL DESCRIPTION | |
| Extent | 127p. ; |
| Dimensions | 21 cm. |
| 650 #0 - SUBJECT ADDED ENTRY--TOPICAL TERM | |
| Topical term or geographic name as entry element | Intercessory prayer |
| General subdivision | Christianity. |
| -- | 0000149526 |
| 650 #0 - SUBJECT ADDED ENTRY--TOPICAL TERM | |
| Topical term or geographic name as entry element | Christianity and international affairs. |
| -- | 0000161082 |
| 650 #0 - SUBJECT ADDED ENTRY--TOPICAL TERM | |
| Topical term or geographic name as entry element | Christianity and politics. |
| -- | 0000149762 |
| 908 ## - PUT COMMAND PARAMETER (RLIN) | |
| Put command parameter | 070226 |
| 950 ## - LOCAL HOLDINGS (RLIN) | |
| -- | 1 |
| Withdrawn status | Lost status | Source of classification or shelving scheme | Not for loan | Home library | Current library | Date acquired | Total Checkouts | Full call number | Barcode | Date last seen | Date last checked out | Price effective from | Koha item type |
|---|---|---|---|---|---|---|---|---|---|---|---|---|---|
| Library of Congress Classification | Kabarak, Main Campus | Kabarak, Main Campus | 17/12/2015 | 1 | BV227 .O43 2002 | 000392 | 02/08/2024 | 16/03/2016 | 17/12/2015 | General Collection |